000 00501 a2200169 4500
003 OSt
005 20230929162538.0
008 230929b |||||||| |||| 00| 0 eng d
020 _a9789390394135
040 _coclc
082 _a518
_bSHI/A
100 1 _aShinde, Subhash K.
_99644
245 _a Analysis of algorithms /
_cSubhash K Shinde, Monika Mangla, Nonita Sharma
260 _bPearson,
_c2022.
300 _amultipagination
942 _2ddc
_cBK
_h518
_iSHI/A
_k518
_mSHI/A
999 _c42360
_d42360